LEADER 00891nam a2200217 i 4500 001 000000143457 003 CaOOAMICUS 005 20051004000000.0 008 051004s2005 it u000 u ita u 013 $a118815 040 $aSeMil$bita 245 10$aDossier :$bChiesa e sinodalità /$cAssociazione Teologica Italiana ; a cura di Giovanni Ancona. 260 $aGorle :$bVelar,$c2005. 300 $a340 p. ;$c21 cm. 650 4$aChiesa e sinodalità.$0(OLS)http://semarc/subject/18874 700 1 $aAncona, Giovanni,$d<1956- >.$0(OLS)http://semarc/name/15093 710 0 $aAssociazione teologica italiana.$0(OLS)http://semarc/name/324 850 $aSeMil 852 $aSeMil$W1$xVenegono$y1$m523 4 *$j96544$B96544$CSeMilBibl$Z2$F103874 $81 996 $6245$aDossier :$bChiesa e sinodalità$9(OLS)http://semarc/title/209963 996 $6260$aGorle :$bVelar$9(OLS)http://semarc/publisher/33489 LEADER 01139nam a2200229 i 4500 001 000000025158 003 CaOOAMICUS 005 20230417144225.0 008 180830s1803 it u000 u ita u 040 $aSeMil$bita 100 1 $aCastiglione, Baldassare,$d<1478-1529>.$0(OLS)http://semarc/name/1544 245 13$aIl libro del cortegiano del conte Baldessar Castiglione. 260 $aMilano :$bSoc. Tip. de' Classici Italiani, contrada del Bocchetto, n. 2536,$c1803. 300 $a2 v. ;$c8°. 490 1 $aEdizione delle opere classiche italiane 710 2 $aSocietà Tipografica de' Classici Italiani$c.$0(OLS)http://semarc/name/558 774 0 $tVol. 1.$kEdizione delle opere classiche italiane$g1$w()75709 774 0 $tVol. 2.$kEdizione delle opere classiche italiane$g2$w()203740 830 0$aEdizione delle opere classiche italiane.$0(OLS)http://semarc/title/33675 996 $6245$aIl libro del cortegiano del conte Baldessar Castiglione$9(OLS)http://semarc/title/33878 996 $6260$aMilano :$bSoc. Tip. de' Classici Italiani, contrada del Bocchetto, n. 2536$9(OLS)http://semarc/publisher/36325